000 00710nam a2200253Ia 4500
001 Para_7295
003 CHAP
008 220125s9999 xx 000 0 und d
010 _a206183
040 _cCHAP
090 _aPA R-60
100 _aArmitage, H.M.
_9172402
245 _aState surveys in relation to National insect problems /
_c H.M. Armitage
500 _aSobretiro de: Journal of Economic Entomology, 46 (6): 1123-1125, 1953
650 _aAgricultura
_x plagas
_91764
650 _aFruta
_x plagas
_943646
901 _aPA R-60
902 _aA
905 _a000000 0000000000 00
910 _a
942 _cPARA
942 _cPARA
_d1
999 _c206183
_d206183